00401nam a2200181Ia 4500008004100000020001400041050001400055100001600069245002000085245001600105260001500121260001400136260000900150300001500159300002700174300001000201500000800211170918s9999 xx 000 0 und d a440428130 bB658 1971 aBlume, Judy aFreckle juice / cJudy Blume. aNew York : bYearling, c1971 a45 pages : bcolored illustration ; c19cm. a370